| 000 | 00443nam a2200157 i 4500 | ||
|---|---|---|---|
| 001 | 89145 | ||
| 003 | ES-MaACL | ||
| 005 | 20230906180103.0 | ||
| 007 | t| | ||
| 008 | 050105s1969 sp ||||1| spa d | ||
| 100 | 1 |
_aLarrabe, José Luis. _970290 |
|
| 245 | 1 | 4 |
_aLos Sacramentos de la iniciación cristiana / _cJosé Luis Larrabe. |
| 260 |
_aMadrid : _bSeminario, _c1969. |
||
| 300 |
_a122 p. ; _c21 cm. |
||
| 852 |
_aES-MaACL _jC-49833 _bR.71389 |
||
| 999 |
_c89145 _d89145 |
||